Statistics for Municipalities of Drava with a Map

Click here to take the quiz!

General Stats

  • This quiz has been taken 578 times
  • The average score is 16 of 41

Answers on the Map

Answers color-coded by a green-red scale on the quiz's map according to % correct below.
 

Answer Stats

Municipality% Correct
Maribor
73%
Slovenska Bistrica
70%
Ptuj
63%
Ruše
57%
Ormož
53%
Sveti Jurij v Slovenskih Goricah
52%
Lenart
50%
Sveta Ana
48%
Benedikt
47%
Lovrenc na Pohorju
47%
Selnica ob Dravi
45%
Središče ob Dravi
45%
Hoče-Slivnica
43%
Miklavž na Dravskem Polju
43%
Oplotnica
43%
Pesnica
43%
Rače-Fram
43%
Kidričevo
42%
Kungota
42%
Šentilj
42%
Sveta Trojica v Slovenskih Goricah
42%
Poljčane
38%
Duplek
37%
Sveti Andraž v Slovenskih Goricah
37%
Makole
35%
Sveti Tomaž
35%
Videm
33%
Zavrč
33%
Cirkulane
32%
Majšperk
32%
Hajdina
30%
Starše
30%
Cerkvenjak
27%
Dornava
27%
Markovci
27%
Destrnik
25%
Gorišnica
25%
Juršinci
25%
Podlehnik
25%
Žetale
23%
Trnovska Vas
20%

Score Distribution

Percentile by Number Answered

Percent of People with Each Score

Your Score History

You have not taken this quiz